[Event "46th Rilton Cup 2016-17"]
[Site "Stockholm SWE"]
[Date "2016.12.29"]
[Round "3.37"]
[White "Prithu, Gupta"]
[Black "Larson, Matthew W"]
[Result "0-1"]
[BlackTitle "FM"]
[WhiteElo "2219"]
[BlackElo "2330"]
[WhiteFideId "46618546"]
[BlackFideId "2077990"]
[EventDate "2016.12.27"]

1. e4 c5 2. Nf3 d6 3. Bb5+ Bd7 4. c4 Nf6 5. Nc3 g6 6. d4 cxd4 7. Nxd4 Bg7 8. O-O
O-O 9. h3 Nc6 10. Bxc6 bxc6 11. c5 a5 12. cxd6 exd6 13. Bf4 Re8 14. Qd3 Qb6 15.
Nb3 a4 16. Be3 Qa6 17. Qxa6 Rxa6 18. Nd2 d5 19. Rad1 Be6 20. Bd4 Rb8 21. Be5 Rb4
22. a3 Rb7 23. Nc4 Nxe4 24. Nxe4 Bxe5 25. Nc5 dxc4 26. Nxb7 Bxb2 27. Nc5 Ra5 28.
Nxe6 fxe6 29. Rd2 c3 30. Rc2 Rb5 31. Re1 Rb3 32. Rxe6 Rxa3 33. Rxc6 Rb3 34. Ra6
a3 35. Kf1 Rb7 36. Ke2 Rd7 37. h4 Kf7 38. g4 Ke7 39. h5 Rd6 40. Ra7+ Ke6 41.
hxg6 hxg6 42. f4 Kd5 43. Rxc3 Bxc3 44. Rxa3 Bd4 45. Kf3 Rc6 46. Ra5+ Rc5 47. Ra6
Rc3+ 48. Ke2 Rc6 49. Ra8 Ke4 50. f5 g5 51. Ra4 Rc2+ 52. Kd1 Rg2 53. f6 Kd3 0-1

[Event "46th Rilton Cup 2016-17"]
[Site "Stockholm SWE"]
[Date "2016.12.29"]
[Round "3.38"]
[White "Louis, Thibault"]
[Black "Johansson, Gunnar"]
[Result "1/2-1/2"]
[WhiteElo "2316"]
[BlackElo "2210"]
[WhiteFideId "681369"]
[BlackFideId "1703501"]
[EventDate "2016.12.27"]

1. e4 c5 2. Nc3 e6 3. Nf3 Nc6 4. Bb5 Nd4 5. O-O a6 6. Bd3 Nc6 7. Re1 d6 8. b3
Nf6 9. Bb2 e5 10. Nd5 g6 11. Bc4 Bg7 12. c3 Nxd5 13. Bxd5 O-O 14. h3 Ne7 15. d4
Nxd5 16. exd5 exd4 17. cxd4 b6 18. Qd2 Bb7 19. Rad1 Rc8 20. dxc5 Rxc5 21. Bxg7
Kxg7 22. Qd4+ Qf6 23. Qe4 Rfc8 24. h4 h6 25. h5 g5 26. Rd2 R8c7 27. g3 a5 28.
Nh2 Rc1 29. Ng4 Rxe1+ 30. Qxe1 Qf3 31. Ne3 Qxh5 32. Nf5+ Kh7 33. Nxd6 Qg6 34.
Nxb7 Rxb7 35. d6 Rd7 36. Qe5 Qe6 37. Qd4 Kg8 38. Kg2 b5 39. Rd3 b4 40. Rd2 Kh7
41. Kf3 f5 42. Qe3 Rxd6 43. Qxe6 Rxe6 44. Rd5 Kg6 45. Rxa5 g4+ 46. Kg2 Re2 47.
Ra6+ Kg5 48. Ra8 Rb2 49. Kf1 h5 50. Rg8+ Kf6 51. Rb8 Rxa2 52. Rxb4 Rb2 53. Rb5
Kg5 54. Rb8 h4 55. gxh4+ 1/2-1/2

[Event "46th Rilton Cup 2016-17"]
[Site "Stockholm SWE"]
[Date "2016.12.29"]
[Round "3.39"]
[White "Petersson, Baldur Teodor"]
[Black "Hobber, Anders"]
[Result "1-0"]
[BlackTitle "FM"]
[WhiteElo "2074"]
[BlackElo "2312"]
[WhiteFideId "2309157"]
[BlackFideId "1505424"]
[EventDate "2016.12.27"]

1. e4 e6 2. b3 d5 3. Bb2 Nf6 4. e5 Nfd7 5. f4 c5 6. Nf3 Nc6 7. Be2 g6 8. O-O Bg7
9. Qe1 O-O 10. Qg3 f6 11. Qh3 Qe7 12. d4 cxd4 13. Ba3 Nc5 14. b4 fxe5 15. fxe5
Ne4 16. b5 Nb4 17. Nbd2 Nxd2 18. Nxd2 Rxf1+ 19. Rxf1 Bxe5 20. Qb3 Bd6 21. Nf3 a5
22. Nxd4 Bc5 23. c3 a4 24. Qb1 e5 25. cxb4 Bxd4+ 26. Kh1 Bf5 27. Qd1 Be4 28. Bf3
Bxf3 29. Qxf3 Qd6 30. Qf7+ Kh8 31. Qxb7 Rf8 32. Rf7 Rxf7 33. Qxf7 e4 34. Bc1 Qf6
35. Qxf6+ Bxf6 36. b6 Bd4 37. b7 Ba7 38. Bf4 Kg8 39. b8=Q+ Bxb8 40. Bxb8 d4 41.
Ba7 1-0

[Event "46th Rilton Cup 2016-17"]
[Site "Stockholm SWE"]
[Date "2016.12.29"]
[Round "3.40"]
[White "Berglind, Axel"]
[Black "Furhoff, Johan"]
[Result "0-1"]
[BlackTitle "IM"]
[WhiteElo "2043"]
[BlackElo "2311"]
[WhiteFideId "1720228"]
[BlackFideId "1701797"]
[EventDate "2016.12.27"]

1. c4 e5 2. Nc3 Nc6 3. g3 g6 4. Bg2 Bg7 5. d3 f5 6. h4 Nf6 7. Nd5 h6 8. Bd2 d6
9. Qc1 Nd4 10. Rb1 a5 11. Nf3 Ne6 12. h5 g5 13. Nxg5 hxg5 14. Bxg5 c6 15. h6
cxd5 16. hxg7 Rxh1+ 17. Bxh1 Nxg7 18. Bxd5 a4 19. Bh4 Qa5+ 20. Kd1 Nxd5 21. cxd5
f4 22. gxf4 Qxd5 23. Bf6 Bg4 24. f3 Bxf3 25. Qc4 Qxc4 26. dxc4 Be4 27. Rc1 Nh5
28. fxe5 Nxf6 29. exf6 Kf7 30. Kd2 Kxf6 31. Kc3 Ke5 32. Kb4 Bc6 33. Rg1 Rf8 34.
Rd1 Rf4 35. b3 Re4 36. Rd2 d5 37. Kc5 dxc4 38. bxc4 Re3 39. Rc2 Ke4 40. Rd2 Rc3
41. Kb4 Rc1 42. Kc5 Ke3 43. Rb2 Re1 44. a3 Rxe2 45. Rb1 Kd3 46. Rg1 Rg2 47. Re1
Rg4 48. Rc1 Kd2 49. Rf1 Kc3 50. Rc1+ Kb2 51. Re1 Kxa3 52. Re3+ Kb2 53. Kb4 Rg2
54. Rh3 Ka2 55. Ra3+ Kb1 56. Re3 Rb2+ 57. Ka3 Rb3+ 0-1

[Event "46th Rilton Cup 2016-17"]
[Site "Stockholm SWE"]
[Date "2016.12.29"]
[Round "3.41"]
[White "Bergstrom, Rolf"]
[Black "Matta, Vinay Kumar"]
[Result "1/2-1/2"]
[WhiteTitle "FM"]
[BlackTitle "FM"]
[WhiteElo "2290"]
[BlackElo "2227"]
[WhiteFideId "1702386"]
[BlackFideId "5016649"]
[EventDate "2016.12.27"]

1. e4 e5 2. Nf3 Nc6 3. Nc3 Nf6 4. a3 Be7 5. d4 exd4 6. Nxd4 O-O 7. Bf4 Re8 8.
Nxc6 bxc6 9. Bd3 d5 10. O-O Rb8 11. Rb1 Bg4 12. f3 Be6 13. Kh1 Nh5 14. Bd2 dxe4
15. fxe4 g6 16. Be2 Bd6 17. Qe1 Be5 18. Bxh5 gxh5 19. Bf4 Bg7 20. Qe3 Rb6 21.
Bh6 Bd4 22. Qf3 Qh4 23. Be3 Be5 24. Bf4 Bg4 25. Qe3 f6 26. g3 Bxf4 27. Qxf4 Qg5
28. Qxf6 Qxf6 29. Rxf6 Kg7 30. Rf2 Re5 31. b3 Rb8 32. Re1 Bh3 33. Rd2 Rf8 34.
Kg1 Re7 35. Rf2 Rfe8 36. Rfe2 Rf8 37. Rf2 Rfe8 38. Rd1 Re5 39. Rd3 Rc5 40. Rf4
Be6 41. Kf2 Re5 42. Nd1 Bc8 43. Nc3 Be6 44. Nb1 Ra5 45. Rc3 c5 46. a4 Rd8 47.
Ke3 Rd1 48. Nd2 Re1+ 49. Kf2 Rd1 50. Nc4 Ra6 51. Ne3 Rd2+ 52. Kg1 Re2 53. Rf2
Re1+ 54. Kg2 c4 55. Nxc4 Rxe4 56. Nd2 Re1 57. Rxc7+ Kg6 58. Nf3 Bd5 59. Rc3 Rf6
60. h3 Rc1 61. b4 Rb1 62. b5 Rb4 63. Kg1 Rb1+ 64. Kh2 Kh6 65. g4 hxg4 66. hxg4
Rf4 67. Kg3 Rxa4 68. Rc5 Rd1 69. Rh2+ Kg6 70. Rh5 Bxf3 71. Rcg5+ Kf6 72. Rf5+
Kg6 73. Rxf3 Rg1+ 74. Kh2 1/2-1/2

[Event "46th Rilton Cup 2016-17"]
[Site "Stockholm SWE"]
[Date "2016.12.29"]
[Round "3.42"]
[White "Morrison, Graham SCO"]
[Black "Lahlum, Hans Olav"]
[Result "1/2-1/2"]
[WhiteTitle "FM"]
[WhiteElo "2283"]
[BlackElo "2145"]
[WhiteFideId "2400090"]
[BlackFideId "1501348"]
[EventDate "2016.12.27"]

1. d4 d5 2. c4 e6 3. Nf3 c6 4. e3 Nf6 5. Bd3 Nbd7 6. O-O dxc4 7. Bxc4 b5 8. Bd3
Bb7 9. e4 Be7 10. Re1 O-O 11. Bg5 a6 12. a4 h6 13. Bh4 Nh5 14. Bxe7 Qxe7 15. e5
Nf4 16. Bf1 Nb6 17. Nc3 Nxa4 18. Nxa4 bxa4 19. Qc1 Nd5 20. Qc5 Qc7 21. Rxa4 Nb6
22. Qa5 Rfc8 23. Rb4 Nd7 24. Qxc7 Rxc7 25. Rc1 c5 26. Rb3 Bd5 27. Rbc3 Rb7 28.
dxc5 Rxb2 29. c6 Nb6 30. c7 Nc8 31. Bc4 Bb7 32. Rb3 Rxb3 33. Bxb3 Nb6 34. Rb1
Rc8 35. Bxe6 fxe6 36. Rxb6 Rxc7 37. h3 Bxf3 38. gxf3 Kf7 39. Rxa6 Rc5 40. f4 Rc4
41. Ra7+ Kf8 42. Ra8+ 1/2-1/2

[Event "46th Rilton Cup 2016-17"]
[Site "Stockholm SWE"]
[Date "2016.12.29"]
[Round "3.43"]
[White "Chizhikov, Vladislav"]
[Black "Carlsson, Ludvig"]
[Result "1-0"]
[WhiteElo "2262"]
[BlackElo "2073"]
[WhiteFideId "4178157"]
[BlackFideId "1727010"]
[EventDate "2016.12.27"]

1. e4 e6 2. d4 d5 3. Nc3 dxe4 4. Nxe4 Bd7 5. Nf3 Bc6 6. Bd3 Nd7 7. Qe2 Ngf6 8.
Nxf6+ Nxf6 9. O-O Bxf3 10. Qxf3 c6 11. Be3 Be7 12. c4 O-O 13. Rad1 Qa5 14. Bb1
Rad8 15. a3 Rd7 16. Qh3 Rfd8 17. Rd3 c5 18. Bd2 Qc7 19. d5 exd5 20. Rf3 dxc4 21.
Rxf6 Bxf6 22. Qxh7+ Kf8 23. Re1 g5 24. Bxg5 Qe5 25. Bh6+ Ke7 26. Rxe5+ Bxe5 27.
Bg5+ Kf8 28. g3 Rd1+ 29. Kg2 R8d6 30. Qe4 f6 31. Bh6+ Ke7 32. Qh7+ Kd8 33. Bc2
R1d4 34. Qxb7 Rb6 35. Qxa7 Rxb2 36. Bf5 1-0

[Event "46th Rilton Cup 2016-17"]
[Site "Stockholm SWE"]
[Date "2016.12.29"]
[Round "3.44"]
[White "Crevatin, Leo"]
[Black "Babikov, Ivan"]
[Result "0-1"]
[BlackTitle "FM"]
[WhiteElo "1973"]
[BlackElo "2259"]
[WhiteFideId "1726307"]
[BlackFideId "4161106"]
[EventDate "2016.12.27"]

1. d4 Nf6 2. Bf4 e6 3. e3 b6 4. h3 Bb7 5. Nf3 Be7 6. Bd3 O-O 7. O-O c5 8. c3 d5
9. Nbd2 Nbd7 10. Ne5 Nxe5 11. dxe5 Ne8 12. Qh5 g6 13. Qg4 Ng7 14. Bh6 f5 15.
exf6 Rxf6 16. Bxg7 Kxg7 17. e4 Qc7 18. Rae1 h5 19. Qe2 d4 20. e5 Rf4 21. cxd4
Rxd4 22. Nb3 Qc6 23. f3 Rxd3 24. Qxd3 c4 25. Qc3 cxb3 26. Qxb3 Ba6 27. Rc1 Bc5+ 0-1

[Event "46th Rilton Cup 2016-17"]
[Site "Stockholm SWE"]
[Date "2016.12.29"]
[Round "3.45"]
[White "Betaneli, Alexander"]
[Black "Emmoth, Alfons"]
[Result "0-1"]
[WhiteTitle "FM"]
[WhiteElo "2252"]
[BlackElo "2041"]
[WhiteFideId "2012359"]
[BlackFideId "1718266"]
[EventDate "2016.12.27"]

1. c4 Nf6 2. g3 g6 3. Bg2 Bg7 4. Nc3 O-O 5. e4 d6 6. Nge2 c5 7. O-O Nc6 8. d3
Ne8 9. Be3 Nd4 10. Qd2 Nc7 11. Bh6 e5 12. Nxd4 cxd4 13. Ne2 Bg4 14. Bxg7 Kxg7
15. f3 Bd7 16. f4 f6 17. Rac1 Qe7 18. Kh1 a5 19. b3 b5 20. cxb5 Bxb5 21. a4 Be8
22. Bh3 Bf7 23. Rc6 Rfb8 24. Nc1 Na6 25. Qxa5 Nb4 26. Qc7 Nxc6 27. Qxc6 Ra7 28.
fxe5 dxe5 29. Bg4 Rc7 30. Qa6 Rc3 31. a5 Rb7 32. h4 Rbc7 33. Ne2 Rxb3 34. Ra1 h5
35. Bh3 Rb2 36. Ng1 Rcc2 37. Nf3 Qc7 38. Rf1 Rc6 39. Qa8 Rb8 0-1

[Event "46th Rilton Cup 2016-17"]
[Site "Stockholm SWE"]
[Date "2016.12.29"]
[Round "3.46"]
[White "Chan, Kim Yew"]
[Black "Henderson de La Fuente, Andrea"]
[Result "1-0"]
[WhiteElo "2231"]
[BlackElo "2019"]
[WhiteFideId "5717981"]
[BlackFideId "32096577"]
[EventDate "2016.12.27"]

1. d4 d6 2. Nf3 Nf6 3. c4 g6 4. g3 Bg7 5. Bg2 Nbd7 6. Nc3 O-O 7. O-O e5 8. e4
exd4 9. Nxd4 Re8 10. h3 Nc5 11. Re1 Bd7 12. Kh2 a5 13. Bf4 h6 14. g4 Ne6 15. Be3
Nxd4 16. Bxd4 Bc6 17. f4 Nd7 18. Bf2 g5 19. Bg3 a4 20. Rc1 Nc5 21. Qc2 gxf4 22.
Bxf4 Qf6 23. Rf1 Qd4 24. Rce1 Qxc4 25. Qd2 Re6 26. Nd5 Bxd5 27. exd5 Rxe1 28.
Rxe1 Kh7 29. Re7 Rf8 30. Rxc7 Re8 31. Bf3 Ne4 32. Rxc4 Nxd2 33. Bxd2 1-0

[Event "46th Rilton Cup 2016-17"]
[Site "Stockholm SWE"]
[Date "2016.12.29"]
[Round "3.47"]
[White "Ryzhkov, Vjacheslav"]
[Black "Haug, Johannes"]
[Result "1/2-1/2"]
[BlackTitle "FM"]
[WhiteElo "2148"]
[BlackElo "2287"]
[WhiteFideId "4198484"]
[BlackFideId "1509268"]
[EventDate "2016.12.27"]

1. e4 e6 2. d4 d5 3. e5 c5 4. c3 Nc6 5. Nf3 Qb6 6. Be2 Bd7 7. O-O Nh6 8. dxc5
Bxc5 9. b4 Be7 10. c4 Ng4 11. cxd5 Ncxe5 12. Nc3 O-O 13. Nxe5 Nxe5 14. a3 Qc7
15. dxe6 Bxe6 16. Nd5 Qd7 17. Nxe7+ Qxe7 18. Qd4 Nc6 19. Qe4 Qf6 20. Bd3 g6 21.
Rb1 Rad8 22. Bb2 Qg5 23. h4 Qd5 24. Rfd1 Qxe4 25. Bxe4 f5 26. Bf3 a6 27. Rbc1
Rxd1+ 28. Rxd1 Rd8 29. Rc1 Rd6 30. Bxc6 Rxc6 31. Rxc6 1/2-1/2

[Event "46th Rilton Cup 2016-17"]
[Site "Stockholm SWE"]
[Date "2016.12.29"]
[Round "3.48"]
[White "Pranav, Anand"]
[Black "Storme, Isak"]
[Result "0-1"]
[WhiteElo "2230"]
[BlackElo "2152"]
[WhiteFideId "46626786"]
[BlackFideId "1728113"]
[EventDate "2016.12.27"]

1. d4 Nf6 2. c4 c5 3. d5 e6 4. Nc3 exd5 5. cxd5 d6 6. Nf3 g6 7. Nd2 Nbd7 8. e4
Bg7 9. Be2 O-O 10. Nc4 Nb6 11. Ne3 Re8 12. f3 Nh5 13. O-O Qh4 14. Re1 Be5 15.
Nf1 f5 16. Be3 f4 17. Bf2 Qg5 18. Kh1 Bd7 19. Qd2 Qf6 20. Rab1 Na4 21. Nxa4 Bxa4
22. Qa5 Bd7 23. Qa3 b5 24. Rec1 a5 25. Qb3 Rab8 26. Qc2 g5 27. Qd2 Ra8 28. Re1
Qg6 29. h3 Nf6 30. Nh2 h5 31. Rg1 Kf7 32. Rbf1 Qh6 33. Re1 Rh8 34. g3 Bxh3 35.
Bxb5 a4 36. Bc4 Rhb8 37. b3 axb3 38. axb3 Ra3 39. gxf4 gxf4 40. Re2 Rba8 41. Qc2
Ra1 42. Rxa1 Rxa1+ 43. Re1 Qg5 44. Bf1 Bxf1 45. Nxf1 Ra8 46. Nh2 h4 47. Rg1 Ra1
48. Be1 Qh6 49. Bc3 Rxg1+ 50. Kxg1 Qg6+ 51. Kf1 Nxd5 52. Bd2 Bd4 53. Ng4 Ne3+
54. Bxe3 fxe3 55. Qc4+ Kg7 56. Qd5 h3 57. b4 h2 58. Nxh2 Qg3 59. Qb7+ Kg6 0-1

[Event "46th Rilton Cup 2016-17"]
[Site "Stockholm SWE"]
[Date "2016.12.29"]
[Round "3.49"]
[White "Svorono, Gabriel"]
[Black "Glimbrant, Torbjorn"]
[Result "1/2-1/2"]
[WhiteElo "2094"]
[BlackElo "2228"]
[WhiteFideId "1715623"]
[BlackFideId "1700995"]
[EventDate "2016.12.27"]

1. e4 e5 2. Nf3 Nc6 3. Bb5 a6 4. Ba4 Nf6 5. O-O Be7 6. Re1 b5 7. Bb3 d6 8. c3
O-O 9. h3 Na5 10. Bc2 c5 11. d4 Qc7 12. Nbd2 cxd4 13. cxd4 Nc6 14. Nb3 a5 15.
Be3 a4 16. Nbd2 Bd7 17. Rc1 Qb7 18. a3 Rfe8 19. Bb1 h6 20. dxe5 dxe5 21. Qe2
Rab8 22. Bd3 Bf8 23. Kh2 Bd6 24. g4 b4 25. Nc4 Bc7 26. Bc5 bxa3 27. bxa3 Be6 28.
Nd6 Bxd6 29. Bxd6 Rbd8 30. Bc5 Bb3 31. Ba6 Qa8 32. Bb5 Re6 33. Bxc6 Rxc6 34.
Nxe5 Re6 35. f4 Qb8 36. Bf2 Qb7 37. Bh4 Red6 38. Nf3 Rd3 39. Bxf6 gxf6 40. f5
Qb8+ 41. Kg2 Qf4 42. Rc8 Rxc8 43. Qxd3 Kh7 44. Nd2 Rc2 45. Re2 Qc7 46. Nf3 Rc1
47. Qd4 Bd1 48. Rd2 Bxf3+ 49. Kxf3 Qc3+ 50. Qxc3 Rxc3+ 51. Kg2 Rxa3 52. Rd7 Kg7
53. Ra7 Ra2+ 54. Kg3 a3 55. Ra8 Ra1 56. h4 a2 57. Kg2 h5 58. gxh5 Re1 59. Rxa2
Rxe4 60. Ra6 Rxh4 61. Kg3 Rxh5 62. Kg4 Rh1 63. Rb6 Rg1+ 64. Kf4 Ra1 65. Rc6 Ra4+
66. Kg3 Rb4 67. Ra6 Rb7 68. Kf4 Rb8 69. Rc6 Rh8 70. Kg4 Rh6 71. Ra6 Rh1 72. Rb6
Rc1 73. Ra6 Rc4+ 74. Kf3 Rc7 75. Kg4 Rb7 76. Kf4 Rb4+ 77. Kf3 Rc4 1/2-1/2

[Event "46th Rilton Cup 2016-17"]
[Site "Stockholm SWE"]
[Date "2016.12.29"]
[Round "3.50"]
[White "Ask, Josef"]
[Black "Darnell, Anton"]
[Result "1-0"]
[WhiteElo "2201"]
[BlackElo "2002"]
[WhiteFideId "1704583"]
[BlackFideId "1720244"]
[EventDate "2016.12.27"]

1. e4 e5 2. Nf3 Nc6 3. Bb5 Nf6 4. Nc3 Bd6 5. d4 Nxd4 6. Nxd4 exd4 7. Qxd4 Qe7 8.
O-O O-O 9. Qd3 a6 10. Bc4 Ng4 11. h3 Ne5 12. Qe2 Nxc4 13. Qxc4 b5 14. Qd3 Bb7
15. a4 b4 16. Nd5 Bxd5 17. exd5 Rfe8 18. Bd2 Qe4 19. Rfe1 Qxd3 20. cxd3 a5 21.
d4 Kf8 22. Kf1 Re7 23. Rxe7 Bxe7 24. Ke2 Ke8 25. Kd3 c6 26. dxc6 dxc6 27. Kc4
Kd7 28. Re1 Bd6 29. b3 Kc7 30. g4 Kd7 31. Re4 Rh8 32. g5 Re8 33. Rxe8 Kxe8 34.
d5 Kd7 35. Be3 Kc7 36. Bd4 g6 37. Bf6 Bh2 38. dxc6 Kxc6 39. Bd8 Bg1 40. f3 Be3
41. Bxa5 Bxg5 42. Bxb4 h5 43. Bc3 Bd8 44. b4 g5 45. b5+ Kb7 46. a5 f5 47. a6+
Ka8 48. Kd5 Bb6 49. Bd4 Bxd4 50. Kxd4 g4 51. fxg4 1-0

[Event "46th Rilton Cup 2016-17"]
[Site "Stockholm SWE"]
[Date "2016.12.29"]
[Round "3.51"]
[White "Vrtiakova, Anna"]
[Black "Grueso Cordoba, Santiago"]
[Result "1/2-1/2"]
[WhiteTitle "WFM"]
[WhiteElo "2010"]
[BlackElo "2171"]
[WhiteFideId "14927870"]
[BlackFideId "1723529"]
[EventDate "2016.12.27"]

1. e4 e5 2. Nf3 Nc6 3. d4 exd4 4. Nxd4 Nf6 5. Nc3 Bb4 6. Nxc6 bxc6 7. Bd3 d5 8.
exd5 O-O 9. O-O cxd5 10. Bg5 c6 11. Na4 h6 12. Bh4 Re8 13. c3 Bf8 14. Re1 Rxe1+
15. Qxe1 c5 16. Rd1 Qd6 17. Qd2 Bb7 18. Bc2 Nd7 19. Bg3 Qc6 20. f3 Nb6 21. Nxb6
axb6 22. Bb1 Rd8 23. Re1 Bd6 24. Qd3 g6 25. Bxd6 Qxd6 26. Qe3 Kg7 27. Qe5+ Qxe5
28. Rxe5 d4 29. cxd4 Rxd4 30. Kf2 Ba6 31. Ke1 h5 32. Re4 Rd6 33. Bc2 Bb7 34. Re3
h4 35. Be4 Ba6 36. Bc2 f5 37. Re7+ Kf6 38. Re3 Kg5 39. Bd1 Kf4 40. Re7 Bc4 41.
b3 Bf1 42. Kxf1 Rxd1+ 43. Kf2 Ra1 44. Re2 1/2-1/2

[Event "46th Rilton Cup 2016-17"]
[Site "Stockholm SWE"]
[Date "2016.12.29"]
[Round "3.52"]
[White "Thompson, Ian D"]
[Black "Cramling Bellon, Anna"]
[Result "1-0"]
[WhiteTitle "FM"]
[WhiteElo "2153"]
[BlackElo "1970"]
[WhiteFideId "405205"]
[BlackFideId "32009232"]
[EventDate "2016.12.27"]

1. Nf3 d5 2. g3 d4 3. c3 c5 4. cxd4 cxd4 5. d3 Nc6 6. Nbd2 e5 7. Nc4 Be6 8. Bg2
Bxc4 9. dxc4 e4 10. Nd2 e3 11. Nb3 Bb4+ 12. Kf1 Qf6 13. Bxc6+ bxc6 14. f3 Rd8
15. Qd3 Qg6 16. a3 Qxd3 17. exd3 Be7 18. Na5 Kd7 19. b4 Kc7 20. c5 Nh6 21. Bb2
Rd7 22. Ke2 Nf5 23. Rac1 h5 24. Rc4 Bf6 25. Nb3 Rhd8 26. f4 Ne7 27. h3 Nf5 28.
Kf3 h4 29. g4 Ng3 30. Re1 g5 31. fxg5 Be5 32. Rxe3 dxe3 33. Bxe5+ Kc8 34. d4 Re8
35. Kxe3 Rde7 36. Kf3 Kd7 37. Nc1 Nf1 38. Kf4 Ke6 39. Ne2 Kd7 40. Rc2 Ke6 41.
Nc3 Kd7 42. Ne4 Ra8 43. b5 Rc8 44. bxc6+ Kxc6 45. Nf6 Kb5 46. Nd5 Rb7 47. Rb2+
Ka6 48. Nb4+ Kb5 49. c6 Rxc6 50. Nxc6+ Kxc6 51. d5+ 1-0

[Event "46th Rilton Cup 2016-17"]
[Site "Stockholm SWE"]
[Date "2016.12.30"]
[Round "4.1"]
[White "Cruz Lledo, Pablo"]
[Black "Sokolov, Ivan"]
[Result "0-1"]
[WhiteTitle "FM"]
[BlackTitle "GM"]
[WhiteElo "2415"]
[BlackElo "2632"]
[WhiteFideId "2297361"]
[BlackFideId "14400030"]
[EventDate "2016.12.27"]

1. d4 d5 2. c4 e6 3. Nc3 Bb4 4. Nf3 Ne7 5. e3 c5 6. cxd5 Nxd5 7. Bd2 O-O 8. Nxd5
Bxd2+ 9. Qxd2 Qxd5 10. dxc5 Qxc5 11. Rc1 Qe7 12. Be2 Rd8 13. Qc3 Nc6 14. O-O Bd7
15. Rfd1 Rac8 16. a3 e5 17. b4 Nd4 18. Qb2 Nxe2+ 19. Qxe2 Rxc1 20. Rxc1 Ba4 21.
h3 a6 22. Rc5 f6 23. Qc4+ Qf7 24. Qxf7+ Kxf7 25. Rc7+ Rd7 26. Rxd7+ Bxd7 27. Kf1
Bb5+ 28. Ke1 Bc6 29. Ke2 Ke6 30. Ne1 Kd5 31. Kd3 Bb5+ 32. Kc3 Bf1 33. f3 e4 34.
f4 g5 35. fxg5 fxg5 36. Kb3 h5 37. Kc3 h4 38. Kb3 Ke5 39. Kc3 g4 40. Kd2 Bxg2
41. Nxg2 gxh3 0-1

[Event "46th Rilton Cup 2016-17"]
[Site "Stockholm SWE"]
[Date "2016.12.30"]
[Round "4.2"]
[White "Swapnil, S. Dhopade"]
[Black "Sarkar, Justin"]
[Result "1/2-1/2"]
[WhiteTitle "GM"]
[BlackTitle "IM"]
[WhiteElo "2526"]
[BlackElo "2415"]
[WhiteFideId "5019184"]
[BlackFideId "2010011"]
[EventDate "2016.12.27"]

1. d4 Nf6 2. c4 g6 3. g3 Bg7 4. Bg2 O-O 5. Nc3 d6 6. Nf3 c6 7. O-O Bf5 8. Nh4
Be6 9. d5 cxd5 10. cxd5 Bd7 11. Be3 Na6 12. Bd4 Qa5 13. a3 Rfc8 14. b4 Qd8 15.
Qd3 Ng4 16. Bxg7 Kxg7 17. Nf3 Qc7 18. Rfc1 Qb6 19. e3 Nc7 20. h3 Ne5 21. Nxe5
dxe5 22. Ne4 Ne8 23. Nc5 Rc7 24. Kh2 Rd8 25. Rc2 Bf5 26. e4 Bc8 27. Rac1 Qd6 28.
Qe3 b6 29. Nd3 Rxc2 30. Rxc2 Ba6 31. Nb2 Rc8 32. Rxc8 Bxc8 33. Qc3 Ba6 34. Kg1
Qc7 35. Qxc7 Nxc7 36. Bf1 Bxf1 37. Kxf1 f5 38. f3 fxe4 39. fxe4 Nb5 40. Nc4 Nd6
41. Nxd6 exd6 42. Ke2 h5 43. h4 Kf6 44. Kd3 b5 45. Ke3 1/2-1/2

[Event "46th Rilton Cup 2016-17"]
[Site "Stockholm SWE"]
[Date "2016.12.30"]
[Round "4.4"]
[White "Sasikiran, Krishnan"]
[Black "Pavlovic, Milos"]
[Result "1/2-1/2"]
[WhiteTitle "GM"]
[BlackTitle "GM"]
[WhiteElo "2661"]
[BlackElo "2500"]
[WhiteFideId "5004985"]
[BlackFideId "900389"]
[EventDate "2016.12.27"]

1. e4 e6 2. d4 d5 3. Nc3 Bb4 4. e5 c5 5. a3 Bxc3+ 6. bxc3 Nc6 7. Qg4 g6 8. a4
Bd7 9. Nf3 Qa5 10. Bd2 c4 11. Be2 O-O-O 12. O-O h6 13. Qh3 f5 14. exf6 Nxf6 15.
Ne5 Nxe5 16. dxe5 Ne4 17. Qe3 Qb6 18. Ra3 Nxd2 19. Qxd2 Qc5 20. Raa1 g5 21. a5
Rdf8 22. Qd4 Qxd4 23. cxd4 h5 24. f3 Be8 25. Kf2 Bg6 26. Ra2 Kc7 27. Ke3 Kc6 28.
c3 h4 29. Rfa1 Rh7 30. Bd1 Rhf7 31. h3 Bd3 32. Rb2 Rb8 33. a6 b6 34. Raa2 Bf5
35. Ba4+ Kc7 36. Bb5 Rbf8 37. Rf2 Bg6 38. Ra1 Rf4 39. Rg1 Kd8 40. Ba4 1/2-1/2

[Event "46th Rilton Cup 2016-17"]
[Site "Stockholm SWE"]
[Date "2016.12.30"]
[Round "4.5"]
[White "Hillarp Persson, Tiger"]
[Black "Goganov, Aleksey"]
[Result "1/2-1/2"]
[WhiteTitle "GM"]
[BlackTitle "GM"]
[WhiteElo "2511"]
[BlackElo "2637"]
[WhiteFideId "1700812"]
[BlackFideId "24109959"]
[EventDate "2016.12.27"]

1. c4 c5 2. Nc3 Nc6 3. g3 g6 4. Bg2 Bg7 5. e3 e6 6. Nge2 Nge7 7. O-O O-O 8. Nf4
a6 9. d3 Rb8 10. Bd2 b5 11. b3 b4 12. Ne4 d6 13. Rb1 e5 14. Ne2 f5 15. Ng5 h6
16. Nh3 Be6 17. f4 d5 18. Qc2 dxc4 19. dxc4 e4 20. Nf2 a5 21. Rbd1 Qc7 22. g4
Rbd8 23. Ng3 fxg4 24. Bc1 Rxd1 25. Rxd1 Bf5 26. Nfxe4 g5 27. Nxf5 Nxf5 28. Nxc5
Ncd4 29. Bd5+ Kh8 30. exd4 Nxd4 31. Qg6 Qxc5 32. Be3 Qe7 33. Bxd4 Bxd4+ 34. Rxd4
Qe1+ 35. Kg2 Qe2+ 36. Kg1 Qe1+ 37. Kg2 Qe2+ 38. Kg1 1/2-1/2

[Event "46th Rilton Cup 2016-17"]
[Site "Stockholm SWE"]
[Date "2016.12.30"]
[Round "4.6"]
[White "Neiksans, Arturs"]
[Black "Liang, Awonder"]
[Result "1-0"]
[WhiteTitle "GM"]
[BlackTitle "IM"]
[WhiteElo "2631"]
[BlackElo "2495"]
[WhiteFideId "11601388"]
[BlackFideId "2056437"]
[EventDate "2016.12.27"]

1. Nf3 Nf6 2. g3 g6 3. Bg2 Bg7 4. c4 c6 5. O-O O-O 6. d4 d5 7. b3 Ne4 8. Bb2 Nd7
9. Nbd2 Nxd2 10. Qxd2 a5 11. a4 Nb6 12. cxd5 Nxd5 13. Ba3 Nf6 14. e3 Be6 15. Ng5
Bg4 16. h3 Bc8 17. Rfe1 h6 18. Nf3 Bf5 19. Ne5 Be4 20. f3 Bd5 21. Rab1 Nd7 22.
Nd3 Re8 23. Nf4 e5 24. Nxd5 cxd5 25. dxe5 Nxe5 26. f4 Nc6 27. Qxd5 Qxd5 28. Bxd5
Bc3 29. Bxc6 bxc6 30. Re2 Rad8 31. Kf2 Rd3 32. Bc5 Rd5 33. Bb6 Rb8 34. Rc2 Rxb6
35. Rxc3 Rd2+ 36. Kf3 Ra2 37. Rd1 Rb2 38. Rdd3 Kf8 39. g4 Ke7 40. h4 Rb1 41. g5
Rh1 42. Kg3 hxg5 43. hxg5 Rh8 44. Rc5 Rhb8 45. Rxa5 Rxb3 46. Re5+ Kf8 47. Rxb3
Rxb3 48. Kf3 Rc3 49. Ke2 c5 50. Re4 c4 51. Rd4 Rc2+ 52. Kd1 Ra2 53. Rxc4 Ke7 54.
Kc1 Kd6 55. Kb1 Re2 56. Rc3 1-0